[Event "Montreal Mercredi 04"]
[Site "Montreal CAN"]
[Date "2008.04.23"]
[Round "4"]
[White "Millette, Sylvain"]
[Black "Lemieux, Serge"]
[Result "0-1"]
[WhiteElo "1630"]
[BlackElo "1652"]
[PlyCount "42"]
[GameId "2160767910351280"]
[EventDate "2008.04.02"]
[EventType "tourn"]
[EventRounds "5"]
[EventCountry "CAN"]
[SourceTitle "EXT 2011"]
[Source "ChessBase"]
[SourceDate "2011.11.26"]
[SourceVersion "1"]
[SourceVersionDate "2011.11.26"]
[SourceQuality "1"]

1. Nf3 d6 2. g3 e5 3. d3 Nc6 4. Bg2 Nf6 5. O-O Bf5 6. Nc3 Be7 7. e4 Bg4 8. Be3 Qd7 9. Re1 h5 10. Qd2 Bxf3 11. Bxf3 Ng4 12. Bxg4 hxg4 13. f4 gxf3 14. Rf1 Qg4 15. Rf2 Bh4 16. Rxf3 Qxf3 17. gxh4 Rxh4 18. Ne2 O-O-O 19. Rf1 Rg4+ 20. Ng3 Rxg3+ 21. hxg3 Qxg3+ 0-1

[Event "Montreal Mercredi 04"]
[Site "Montreal CAN"]
[Date "2008.04.23"]
[Round "4"]
[White "Teasdale, Alain"]
[Black "Turcotte, Jonathan"]
[Result "0-1"]
[WhiteElo "1547"]
[BlackElo "1604"]
[PlyCount "58"]
[GameId "2160767910351281"]
[EventDate "2008.04.02"]
[EventType "tourn"]
[EventRounds "5"]
[EventCountry "CAN"]
[SourceTitle "EXT 2011"]
[Source "ChessBase"]
[SourceDate "2011.11.26"]
[SourceVersion "1"]
[SourceVersionDate "2011.11.26"]
[SourceQuality "1"]

1. c4 Nf6 2. Nc3 c6 3. e4 d5 4. e5 Nfd7 5. Nf3 d4 6. Ne4 Qc7 7. e6 fxe6 8. Nxd4 Qe5 9. Nxe6 Qxe6 10. d3 Nf6 11. Qc2 g6 12. Be2 Nxe4 13. dxe4 Bg7 14. h3 O-O 15. O-O Na6 16. Be3 c5 17. a3 b6 18. f4 Bb7 19. Bf3 Rad8 20. Kh1 Bd4 21. Bd2 Nb8 22. Rae1 Nc6 23. Bg4 Qf6 24. e5 Nxe5 25. fxe5 Qxf1+ 26. Rxf1 Rxf1+ 27. Kh2 Bxe5+ 28. Bf4 Bxf4+ 29. g3 Rh1# 0-1

[Event "Montreal Mercredi 04"]
[Site "Montreal CAN"]
[Date "2008.04.23"]
[Round "5"]
[White "Boyer, Eric"]
[Black "Bergeron, Rene"]
[Result "1-0"]
[WhiteElo "1510"]
[BlackElo "1530"]
[PlyCount "45"]
[GameId "2160767910351282"]
[EventDate "2008.04.02"]
[EventType "tourn"]
[EventRounds "5"]
[EventCountry "CAN"]
[SourceTitle "EXT 2011"]
[Source "ChessBase"]
[SourceDate "2011.11.26"]
[SourceVersion "1"]
[SourceVersionDate "2011.11.26"]
[SourceQuality "1"]

1. e4 e5 2. Nf3 Nf6 3. Nxe5 d6 4. Nf3 Nxe4 5. d4 d5 6. Bd3 Bg4 7. O-O Be7 8. Bf4 O-O 9. Nbd2 Nxd2 10. Bxd2 Bf6 11. Re1 Bxd4 12. Bxh7+ Kh8 13. h3 Bxf3 14. Qxf3 Kxh7 15. Qd3+ Kg8 16. Qxd4 Nc6 17. Qg4 Qd6 18. c3 Rfe8 19. Bf4 Rxe1+ 20. Rxe1 Qd8 21. Re3 Ne7 22. Bg5 f6 23. Bxf6 1-0

[Event "Montreal Mercredi 04"]
[Site "Montreal CAN"]
[Date "2008.04.23"]
[Round "5"]
[White "Chagnon, Francois"]
[Black "Chenard, Yanick"]
[Result "1/2-1/2"]
[WhiteElo "1458"]
[BlackElo "1464"]
[PlyCount "77"]
[GameId "2160767910351283"]
[EventDate "2008.04.02"]
[EventType "tourn"]
[EventRounds "5"]
[EventCountry "CAN"]
[SourceTitle "EXT 2011"]
[Source "ChessBase"]
[SourceDate "2011.11.26"]
[SourceVersion "1"]
[SourceVersionDate "2011.11.26"]
[SourceQuality "1"]

1. d4 d6 2. e4 Nf6 3. Bd3 Nc6 4. Nf3 Bg4 5. c3 e6 6. Be3 Be7 7. Nbd2 O-O 8. Qc2 h6 9. h3 Bh5 10. g4 Bg6 11. g5 hxg5 12. Nxg5 Nh7 13. Nxh7 Kxh7 14. O-O-O Rh8 15. f4 Kg8 16. Nf3 Bh5 17. Rdf1 a6 18. Ng5 Bxg5 19. fxg5 e5 20. Qf2 Qd7 21. Bc4 Na5 22. Be2 Bg6 23. Bg4 Qa4 24. b3 Nxb3+ 25. axb3 Qa1+ 26. Kd2 Qb2+ 27. Ke1 Qxc3+ 28. Bd2 Qxd4 29. Bf5 Qxf2+ 30. Rxf2 Bh5 31. Rhf1 g6 32. Bd7 Rh7 33. b4 c6 34. Rf6 Rd8 35. Rxd6 Kf8 36. Rff6 Ke7 37. Bc3 Rxd7 38. Bxe5 Rxd6 39. Bxd6+ 1/2-1/2

[Event "Montreal Mercredi 04"]
[Site "Montreal CAN"]
[Date "2008.04.23"]
[Round "5"]
[White "Chesnut, Walter"]
[Black "Tong, Tan Guang"]
[Result "1/2-1/2"]
[WhiteElo "1464"]
[BlackElo "1457"]
[PlyCount "87"]
[GameId "2160767910351284"]
[EventDate "2008.04.02"]
[EventType "tourn"]
[EventRounds "5"]
[EventCountry "CAN"]
[SourceTitle "EXT 2011"]
[Source "ChessBase"]
[SourceDate "2011.11.26"]
[SourceVersion "1"]
[SourceVersionDate "2011.11.26"]
[SourceQuality "1"]

1. d4 Nf6 2. Nf3 d5 3. c4 c6 4. Nc3 g6 5. Bg5 Bg7 6. e3 O-O 7. Be2 dxc4 8. Bxc4 Bf5 9. Bd3 Bxd3 10. Qxd3 Qb6 11. Rb1 Nbd7 12. O-O Rfe8 13. Rfc1 e5 14. Nxe5 Nxe5 15. dxe5 Rxe5 16. Bf4 Ree8 17. Qc4 Qd8 18. Rd1 Qe7 19. Bd6 Qe6 20. Qb4 b6 21. Qa3 Red8 22. Ne2 Nd5 23. Bg3 c5 24. Qa4 a6 25. e4 b5 26. exd5 Qxe2 27. Qa3 Bd4 28. Re1 Qh5 29. d6 c4 30. Rbd1 Bc5 31. Qc3 Qf5 32. h3 a5 33. a3 Ra6 34. d7 Bf8 35. Re8 Rxd7 36. Rxf8+ Kxf8 37. Qh8+ Ke7 38. Rxd7+ Qxd7 39. Bh4+ Kd6 40. Qb8+ Ke6 41. Bg3 Ke7 42. Qe5+ Kf8 43. Qh8+ Ke7 44. Qe5+ 1/2-1/2

[Event "Montreal Mercredi 04"]
[Site "Montreal CAN"]
[Date "2008.04.23"]
[Round "5"]
[White "Dolrev, Martin"]
[Black "Millette, Sylvain"]
[Result "1/2-1/2"]
[WhiteElo "1570"]
[BlackElo "1630"]
[PlyCount "120"]
[GameId "2160767910351285"]
[EventDate "2008.04.02"]
[EventType "tourn"]
[EventRounds "5"]
[EventCountry "CAN"]
[SourceTitle "EXT 2011"]
[Source "ChessBase"]
[SourceDate "2011.11.26"]
[SourceVersion "1"]
[SourceVersionDate "2011.11.26"]
[SourceQuality "1"]

1. d4 Nf6 2. Nf3 d5 3. Bf4 g6 4. e3 Bg7 5. Nbd2 Bg4 6. h3 Bxf3 7. Nxf3 Nbd7 8. c4 c5 9. Bd3 cxd4 10. exd4 dxc4 11. Bxc4 O-O 12. O-O e6 13. Bd6 Re8 14. Bb5 a6 15. Bxd7 Qxd7 16. Be5 Rac8 17. Qe2 Qd5 18. Rfc1 Nd7 19. Bxg7 Kxg7 20. a3 f6 21. Rc2 Nb6 22. Rac1 Rxc2 23. Rxc2 Re7 24. Rc5 Qd6 25. Qc2 Nd5 26. b4 Rc7 27. Kf1 b6 28. Rxc7+ Qxc7 29. Qxc7+ Nxc7 30. Ne1 Nb5 31. Nc2 Kf7 32. Ke2 Nc3+ 33. Kd2 Nd5 34. g3 Ke7 35. Kd3 b5 36. Ne3 Kd6 37. Ng4 h5 38. Ne3 f5 39. Ng2 g5 40. f3 Nb6 41. Ne3 Nd5 42. Ng2 Nb6 43. Ne3 Nd7 44. d5 Ne5+ 45. Ke2 f4 46. gxf4 gxf4 47. Ng2 Ng6 48. dxe6 Kxe6 49. Kd3 Ke5 50. Kc3 Ne7 51. Nh4 Nc6 52. Kd3 a5 53. bxa5 Nxa5 54. Ng6+ Kf5 55. Ne7+ Kg5 56. Nd5 Nc4 57. Kc3 Nxa3 58. Kb4 Nc4 59. h4+ Kf5 60. Ne7+ Ke6 1/2-1/2

[Event "Montreal Mercredi 04"]
[Site "Montreal CAN"]
[Date "2008.04.23"]
[Round "5"]
[White "Germain, Max"]
[Black "Ber, Alexandre"]
[Result "1-0"]
[WhiteElo "1524"]
[BlackElo "1495"]
[PlyCount "53"]
[GameId "2160767910351286"]
[EventDate "2008.04.02"]
[EventType "tourn"]
[EventRounds "5"]
[EventCountry "CAN"]
[SourceTitle "EXT 2011"]
[Source "ChessBase"]
[SourceDate "2011.11.26"]
[SourceVersion "1"]
[SourceVersionDate "2011.11.26"]
[SourceQuality "1"]

1. d4 e6 2. c4 f5 3. Nc3 Nf6 4. Bf4 Be7 5. e3 d6 6. b4 O-O 7. Qb3 c6 8. h3 Kh8 9. Be2 Nbd7 10. g4 e5 11. dxe5 dxe5 12. Bg5 Qe8 13. O-O-O Qg6 14. f4 fxg4 15. hxg4 Ne8 16. Nf3 Bf6 17. Rh5 Bxg5 18. Nxg5 Ndf6 19. Rh4 h6 20. Rdh1 Nh7 21. Nxh7 Kxh7 22. Qc2 Nd6 23. c5 Nf7 24. Bc4 Ng5 25. Rh5 Re8 26. Qh2 Qf6 27. Qh4 1-0

[Event "Montreal Mercredi 04"]
[Site "Montreal CAN"]
[Date "2008.04.23"]
[Round "5"]
[White "Giroux, Robert"]
[Black "Arseneault, Marc"]
[Result "0-1"]
[WhiteElo "1962"]
[BlackElo "1796"]
[PlyCount "76"]
[GameId "2160767910351287"]
[EventDate "2008.04.02"]
[EventType "tourn"]
[EventRounds "5"]
[EventCountry "CAN"]
[SourceTitle "EXT 2011"]
[Source "ChessBase"]
[SourceDate "2011.11.26"]
[SourceVersion "1"]
[SourceVersionDate "2011.11.26"]
[SourceQuality "1"]

1. e4 c5 2. Nc3 d6 3. f4 e6 4. Nf3 a6 5. g3 b5 6. d3 Bb7 7. Bg2 Nc6 8. O-O Be7 9. h3 Bf6 10. e5 dxe5 11. fxe5 Nxe5 12. Nxe5 Bxg2 13. Kxg2 Bxe5 14. Qf3 Nf6 15. Qc6+ Nd7 16. Ne4 Qc8 17. Nd6+ Bxd6 18. Qxd6 Qb8 19. Qc6 Qc8 20. Qe4 O-O 21. Bd2 Ra7 22. Rae1 Qb7 23. Ba5 Qxe4+ 24. Rxe4 Rb7 25. Bd2 Rc8 26. g4 Nf6 27. Re5 Rd7 28. g5 Nd5 29. a4 c4 30. axb5 axb5 31. dxc4 Rxc4 32. c3 b4 33. b3 Rc6 34. c4 Nc3 35. Bxc3 bxc3 36. Re2 Rb6 37. Rb1 Rdb7 38. Rc2 Rxb3 0-1

[Event "Montreal Mercredi 04"]
[Site "Montreal CAN"]
[Date "2008.04.23"]
[Round "5"]
[White "Lemieux, Serge"]
[Black "Teasdale, Alain"]
[Result "1-0"]
[WhiteElo "1652"]
[BlackElo "1547"]
[PlyCount "118"]
[GameId "2160767910351288"]
[EventDate "2008.04.02"]
[EventType "tourn"]
[EventRounds "5"]
[EventCountry "CAN"]
[SourceTitle "EXT 2011"]
[Source "ChessBase"]
[SourceDate "2011.11.26"]
[SourceVersion "1"]
[SourceVersionDate "2011.11.26"]
[SourceQuality "1"]

1. d4 d5 2. c4 c6 3. Nc3 e5 4. dxe5 d4 5. Ne4 Qa5+ 6. Nd2 Nd7 7. Ngf3 Nxe5 8. Nxd4 Nxc4 9. e3 Ne5 10. a3 Nf6 11. Qc2 Bd6 12. Be2 O-O 13. O-O Bd7 14. b4 Qb6 15. f4 Ng6 16. Nc4 Qc7 17. Nxd6 Qxd6 18. Rd1 Qc7 19. g3 Rac8 20. Bb2 Nd5 21. Rd3 Rfe8 22. Qd2 Qd8 23. Re1 Qb6 24. Bf3 Re7 25. Bxd5 cxd5 26. Nb3 Bc6 27. Bd4 Qc7 28. Qb2 f6 29. Rc1 Qd8 30. Rdc3 a6 31. Bc5 Re8 32. Nd4 b6 33. Nxc6 Rxc6 34. Bd4 Rxc3 35. Rxc3 Ne7 36. Qc2 b5 37. Qd3 Qd7 38. Rc5 Nf5 39. Qb3 Nxd4 40. exd4 Rd8 41. Qf3 g6 42. g4 Qe6 43. Kf2 Rd6 44. h4 Kf7 45. h5 gxh5 46. gxh5 Qf5 47. Rc7+ Rd7 48. Rxd7+ Qxd7 49. f5 Qc7 50. Qxd5+ Kg7 51. Qf3 Qh2+ 52. Qg2+ Qxg2+ 53. Kxg2 Kh6 54. d5 Kg7 55. Kf3 Kf7 56. Ke4 Ke7 57. Kd4 Kd6 58. h6 Kd7 59. Kc5 Kc7 1-0

[Event "Montreal Mercredi 04"]
[Site "Montreal CAN"]
[Date "2008.04.23"]
[Round "5"]
[White "Lescarbeau, Martin"]
[Black "Dulac, Sebastien"]
[Result "1/2-1/2"]
[WhiteElo "1480"]
[BlackElo "1456"]
[PlyCount "29"]
[GameId "2160767910351289"]
[EventDate "2008.04.02"]
[EventType "tourn"]
[EventRounds "5"]
[EventCountry "CAN"]
[SourceTitle "EXT 2011"]
[Source "ChessBase"]
[SourceDate "2011.11.26"]
[SourceVersion "1"]
[SourceVersionDate "2011.11.26"]
[SourceQuality "1"]

1. e4 c5 2. c3 e6 3. g3 g6 4. Bg2 Bg7 5. Ne2 Ne7 6. f4 d6 7. O-O O-O 8. Na3 Nbc6 9. d3 a6 10. Be3 b5 11. Nc2 Bb7 12. d4 cxd4 13. Ncxd4 Nxd4 14. Nxd4 Rb8 15. Rc1 1/2-1/2

[Event "Montreal Mercredi 04"]
[Site "Montreal CAN"]
[Date "2008.04.23"]
[Round "5"]
[White "Levkovsky, Alexandre"]
[Black "Gauthier, Luc"]
[Result "1-0"]
[WhiteElo "2154"]
[BlackElo "1756"]
[PlyCount "75"]
[GameId "2160767910351290"]
[EventDate "2008.04.02"]
[EventType "tourn"]
[EventRounds "5"]
[EventCountry "CAN"]
[SourceTitle "EXT 2011"]
[Source "ChessBase"]
[SourceDate "2011.11.26"]
[SourceVersion "1"]
[SourceVersionDate "2011.11.26"]
[SourceQuality "1"]

1. e4 Nf6 2. e5 Nd5 3. c4 Nb6 4. d4 d6 5. Nf3 dxe5 6. Nxe5 g6 7. Be2 Bg7 8. f4 N8d7 9. Nf3 Nf6 10. Nc3 Bg4 11. Be3 c6 12. b3 O-O 13. O-O Qc7 14. h3 Bxf3 15. Bxf3 e6 16. Qc2 Rfd8 17. Rad1 Rac8 18. g3 Nbd7 19. a4 b6 20. b4 a5 21. Rb1 Rb8 22. Qg2 axb4 23. Rxb4 Bf8 24. Rb2 Rdc8 25. Rfb1 Ne8 26. Ne4 Nd6 27. Nxd6 Bxd6 28. Qc2 c5 29. d5 e5 30. f5 e4 31. Bxe4 Bxg3 32. fxg6 fxg6 33. Bxg6 hxg6 34. Qxg6+ Kh8 35. Rg2 Bh2+ 36. Kh1 Ne5 37. Qh6+ Qh7 38. Qf6+ 1-0

[Event "Montreal Mercredi 04"]
[Site "Montreal CAN"]
[Date "2008.04.23"]
[Round "5"]
[White "Piche, Justin"]
[Black "Marquis, Gerald"]
[Result "1-0"]
[WhiteElo "1542"]
[BlackElo "1493"]
[PlyCount "31"]
[GameId "2160767910351291"]
[EventDate "2008.04.02"]
[EventType "tourn"]
[EventRounds "5"]
[EventCountry "CAN"]
[SourceTitle "EXT 2011"]
[Source "ChessBase"]
[SourceDate "2011.11.26"]
[SourceVersion "1"]
[SourceVersionDate "2011.11.26"]
[SourceQuality "1"]

1. e4 e5 2. Nf3 Nc6 3. Bc4 Nf6 4. Nc3 Nxe4 5. Bxf7+ Kxf7 6. Nxe4 d5 7. Neg5+ Kg8 8. d4 h6 9. Nh3 e4 10. Ne5 Nxe5 11. dxe5 c6 12. Nf4 Kh7 13. Qh5 Qg5 14. Qf7 Bc5 15. Nh5 Qg6 16. Nf6+ 1-0

[Event "Montreal Mercredi 04"]
[Site "Montreal CAN"]
[Date "2008.04.23"]
[Round "5"]
[White "Pomerantz, Daniel"]
[Black "Katch, Gary"]
[Result "0-1"]
[WhiteElo "1862"]
[BlackElo "1802"]
[PlyCount "90"]
[GameId "2160767910351292"]
[EventDate "2008.04.02"]
[EventType "tourn"]
[EventRounds "5"]
[EventCountry "CAN"]
[SourceTitle "EXT 2011"]
[Source "ChessBase"]
[SourceDate "2011.11.26"]
[SourceVersion "1"]
[SourceVersionDate "2011.11.26"]
[SourceQuality "1"]

1. e4 d5 2. exd5 Nf6 3. d4 Nxd5 4. c4 Nb6 5. Nf3 Bg4 6. Be2 Nc6 7. d5 Bxf3 8. Bxf3 Ne5 9. b3 g6 10. Bb2 Bg7 11. Nc3 O-O 12. O-O Qd7 13. Kh1 Rad8 14. Re1 Rfe8 15. Rb1 e6 16. dxe6 Qxe6 17. Qc2 c6 18. Rbd1 Rxd1 19. Bxd1 Qd7 20. f4 Nexc4 21. Re5 Nxe5 22. fxe5 Bxe5 23. Bf3 Qd4 24. Qe2 Qh4 25. g3 Qe7 26. Ne4 Kg7 27. Bc1 Nd5 28. Qd2 f5 29. Qh6+ Kg8 30. Ng5 Qg7 31. Qh4 Bf6 32. Qc4 Bxg5 33. Bxg5 Qf7 34. Bd2 Nf6 35. Qd4 Ne4 36. Bc1 Nxg3+ 37. Kg2 Ne2 38. Qd2 Nxc1 39. Qxc1 a6 40. Qc5 Qf6 41. Qc4+ Kg7 42. Qb4 Re7 43. Qb6 Rd7 44. Be2 Qd4 45. Qa5 Qd5+ 0-1

[Event "Montreal Mercredi 04"]
[Site "Montreal CAN"]
[Date "2008.04.23"]
[Round "5"]
[White "Turcotte, Jonathan"]
[Black "Maharisoa, Tantely"]
[Result "1-0"]
[WhiteElo "1604"]
[BlackElo "1594"]
[PlyCount "91"]
[GameId "2160767910351293"]
[EventDate "2008.04.02"]
[EventType "tourn"]
[EventRounds "5"]
[EventCountry "CAN"]
[SourceTitle "EXT 2011"]
[Source "ChessBase"]
[SourceDate "2011.11.26"]
[SourceVersion "1"]
[SourceVersionDate "2011.11.26"]
[SourceQuality "1"]

1. d4 Nf6 2. c4 e6 3. Nf3 d5 4. Nc3 Be7 5. Bg5 a6 6. c5 c6 7. e3 Nbd7 8. b4 O-O 9. Bd3 Re8 10. Bf4 Nh5 11. O-O Nxf4 12. exf4 Qc7 13. g3 g6 14. Re1 Bf6 15. Qc2 Bg7 16. a4 b6 17. Rab1 f6 18. cxb6 Qd6 19. a5 Bb7 20. Na4 e5 21. Nc5 Nxc5 22. bxc5 Qf8 23. dxe5 fxe5 24. Nxe5 Re7 25. Re2 Rae8 26. Rbe1 Qf6 27. Qd2 Bc8 28. g4 g5 29. fxg5 Qf8 30. Nxc6 Rxe2 31. Rxe2 Bb7 32. Nb4 Rxe2 33. Bxe2 Qxc5 34. Nxa6 Qa3 35. f3 Qa1+ 36. Kg2 Bc3 37. Qd1 Qxa5 38. Nc7 d4 39. Qb3+ Kh8 40. Qe6 Qxg5 41. Qf5 h6 42. Qf8+ Kh7 43. Bd3+ Qg6 44. Bxg6+ Kxg6 45. Qf5+ Kg7 46. Ne6+ 1-0

[Event "Montreal Mercredi 05"]
[Site "Montreal CAN"]
[Date "2008.05.14"]
[Round "1"]
[White "Chesnut, Walter"]
[Black "Germain, Max"]
[Result "0-1"]
[WhiteElo "1561"]
[BlackElo "1557"]
[PlyCount "108"]
[GameId "2160767910354813"]
[EventDate "2008.05.14"]
[EventType "tourn"]
[EventRounds "5"]
[EventCountry "CAN"]
[SourceTitle "EXT 2011"]
[Source "ChessBase"]
[SourceDate "2011.11.26"]
[SourceVersion "1"]
[SourceVersionDate "2011.11.26"]
[SourceQuality "1"]

1. d4 Nf6 2. c4 e6 3. g3 Bb4+ 4. Bd2 Qe7 5. Bg2 O-O 6. Nf3 d5 7. O-O Bxd2 8. Qxd2 c5 9. cxd5 exd5 10. dxc5 Qxc5 11. Nc3 Be6 12. Rac1 Nc6 13. Ne4 Nxe4 14. Rxc5 Nxd2 15. Nxd2 Rac8 16. Nb3 Ne7 17. Rfc1 Rxc5 18. Rxc5 Rc8 19. Rxc8+ Nxc8 20. Nc5 b6 21. Nd3 Nd6 22. Nf4 d4 23. Nxe6 fxe6 24. f4 Kf7 25. b3 Kf6 26. Kf2 e5 27. e4 g5 28. f5 Nb5 29. a4 Nc3 30. Bf3 g4 31. Bg2 a5 32. Ke1 b5 33. axb5 Nxb5 34. Bf1 Nc3 35. Bd3 a4 36. bxa4 Nxa4 37. Kd2 Nc5 38. Bc2 Kg5 39. Ke2 h5 40. Kd2 Kf6 41. Bb1 Kg5 42. Bc2 h4 43. gxh4+ Kxh4 44. f6 g3 45. hxg3+ Kxg3 46. f7 Ne6 47. Bb3 Nf8 48. Kd3 Kf4 49. Bc2 Kg5 50. Kc4 Kf6 51. Kd5 Ng6 52. Kc4 Kxf7 53. Kd5 Kf6 54. Kc4 Kg5 0-1

[Event "Montreal Mercredi 05"]
[Site "Montreal CAN"]
[Date "2008.05.14"]
[Round "1"]
[White "Dardoura, Khaled"]
[Black "Neumark-Gaudet, Zev"]
[Result "1-0"]
[WhiteElo "1509"]
[BlackElo "1526"]
[PlyCount "77"]
[GameId "2160767910354814"]
[EventDate "2008.05.14"]
[EventType "tourn"]
[EventRounds "5"]
[EventCountry "CAN"]
[SourceTitle "EXT 2011"]
[Source "ChessBase"]
[SourceDate "2011.11.26"]
[SourceVersion "1"]
[SourceVersionDate "2011.11.26"]
[SourceQuality "1"]

1. d4 d5 2. c4 e6 3. Nc3 c5 4. Nf3 Nc6 5. cxd5 exd5 6. g3 Nf6 7. Bg2 Be7 8. O-O O-O 9. Re1 Re8 10. Bg5 Ne4 11. Bxe7 Rxe7 12. Rc1 cxd4 13. Nxd4 Nf6 14. e3 Be6 15. Nxc6 bxc6 16. Na4 Qe8 17. Nc5 Rb8 18. b3 Nd7 19. Qd4 Nxc5 20. Rxc5 Reb7 21. e4 Bd7 22. Re3 Rb4 23. Qd3 Qe7 24. Ra5 d4 25. Re1 Be6 26. Rc1 R8b5 27. Rxb5 cxb5 28. Qc2 g6 29. Rb1 Qd6 30. Qd3 Qa6 31. Qc2 Qa3 32. Rc1 a5 33. Qc7 Qxa2 34. Qb8+ Kg7 35. Qe5+ Kf8 36. Qh8+ Ke7 37. Rc7+ Bd7 38. Qe5+ Kf8 39. Rxd7 1-0

[Event "Montreal Mercredi 05"]
[Site "Montreal CAN"]
[Date "2008.05.14"]
[Round "1"]
[White "Gauthier, Denis"]
[Black "Forget, Luc"]
[Result "0-1"]
[WhiteElo "1938"]
[BlackElo "1969"]
[PlyCount "66"]
[GameId "2160767910354815"]
[EventDate "2008.05.14"]
[EventType "tourn"]
[EventRounds "5"]
[EventCountry "CAN"]
[SourceTitle "EXT 2011"]
[Source "ChessBase"]
[SourceDate "2011.11.26"]
[SourceVersion "1"]
[SourceVersionDate "2011.11.26"]
[SourceQuality "1"]

1. d4 Nf6 2. c4 e6 3. Nf3 b6 4. a3 Ba6 5. Nbd2 Bb7 6. e3 Be7 7. Bd3 d5 8. O-O O-O 9. Qc2 Nbd7 10. b3 c5 11. Bb2 Rc8 12. Ne5 cxd4 13. exd4 g6 14. f4 dxc4 15. bxc4 Nxe5 16. fxe5 Ng4 17. Rae1 Bg5 18. Ne4 Bxe4 19. Bxe4 Ne3 20. Rxe3 Bxe3+ 21. Kh1 Qc7 22. Rf3 Bh6 23. Bd3 Qe7 24. Qf2 Qg5 25. a4 Qd2 26. Qxd2 Bxd2 27. Ba3 Rfd8 28. Bd6 a5 29. c5 bxc5 30. Bxc5 Bb4 31. Bb6 Rc1+ 32. Bf1 Rb8 33. Bc7 Rxc7 0-1

[Event "Montreal Mercredi 05"]
[Site "Montreal CAN"]
[Date "2008.05.14"]
[Round "1"]
[White "Gauthier, Luc"]
[Black "Maharisoa, Tantely"]
[Result "1-0"]
[WhiteElo "1724"]
[BlackElo "1688"]
[PlyCount "79"]
[GameId "2160767910354816"]
[EventDate "2008.05.14"]
[EventType "tourn"]
[EventRounds "5"]
[EventCountry "CAN"]
[SourceTitle "EXT 2011"]
[Source "ChessBase"]
[SourceDate "2011.11.26"]
[SourceVersion "1"]
[SourceVersionDate "2011.11.26"]
[SourceQuality "1"]

1. e4 c5 2. Nc3 Nc6 3. f4 d6 4. Nf3 g6 5. Bb5 Bg7 6. d3 e6 7. O-O Nge7 8. Bd2 O-O 9. Bxc6 Nxc6 10. Rb1 b6 11. Ne2 Qc7 12. a3 Rd8 13. Qe1 Nd4 14. c3 Nb3 15. Be3 c4 16. d4 Bb7 17. Ng3 b5 18. f5 e5 19. d5 Nc5 20. fxg6 fxg6 21. Ng5 Rf8 22. Qe2 Bh6 23. Kh1 Qe7 24. Ne6 Rxf1+ 25. Rxf1 Bxe3 26. Qxe3 Nxe6 27. dxe6 Bc8 28. Rf7 Qxe6 29. Rxa7 Rxa7 30. Qxa7 Bd7 31. Kg1 Bc6 32. Qe3 d5 33. Qg5 Kf7 34. Qh6 Kg8 35. Nf5 Qf7 36. Qg5 Kf8 37. Qh6+ Kg8 38. Qg5 Kf8 39. Qd8+ Be8 40. Qd6+ 1-0

[Event "Montreal Mercredi 05"]
[Site "Montreal CAN"]
[Date "2008.05.14"]
[Round "1"]
[White "Lamouche, Andre"]
[Black "Savard, Alain"]
[Result "0-1"]
[WhiteElo "1791"]
[BlackElo "1754"]
[PlyCount "48"]
[GameId "2160767910354817"]
[EventDate "2008.05.14"]
[EventType "tourn"]
[EventRounds "5"]
[EventCountry "CAN"]
[SourceTitle "EXT 2011"]
[Source "ChessBase"]
[SourceDate "2011.11.26"]
[SourceVersion "1"]
[SourceVersionDate "2011.11.26"]
[SourceQuality "1"]

1. e4 e6 2. d4 d5 3. exd5 exd5 4. Nf3 Nf6 5. Be2 Bd6 6. Bg5 O-O 7. Nc3 c6 8. Qd3 Re8 9. O-O-O b5 10. Rde1 b4 11. Nd1 Ba6 12. Qd2 Bxe2 13. Rxe2 Rxe2 14. Qxe2 Nbd7 15. Ne5 Qb6 16. Nxd7 Nxd7 17. Qg4 Nf8 18. Ne3 h5 19. Qxh5 Qxd4 20. Rd1 Qe4 21. f3 Qh7 22. Qg4 Ne6 23. h4 Nxg5 24. hxg5 Qg6 0-1

[Event "Montreal Mercredi 05"]
[Site "Montreal CAN"]
[Date "2008.05.14"]
[Round "1"]
[White "Le Duin, Thierry"]
[Black "Giroux, Robert"]
[Result "1-0"]
[WhiteElo "1999"]
[BlackElo "1984"]
[PlyCount "79"]
[GameId "2160767910354818"]
[EventDate "2008.05.14"]
[EventType "tourn"]
[EventRounds "5"]
[EventCountry "CAN"]
[SourceTitle "EXT 2011"]
[Source "ChessBase"]
[SourceDate "2011.11.26"]
[SourceVersion "1"]
[SourceVersionDate "2011.11.26"]
[SourceQuality "1"]

1. d4 g6 2. c4 Bg7 3. Nc3 c5 4. d5 Bxc3+ 5. bxc3 f5 6. Qc2 Qa5 7. f3 d6 8. e4 fxe4 9. fxe4 Nf6 10. Bd3 Nbd7 11. Nf3 Ne5 12. Nxe5 dxe5 13. O-O Bd7 14. Qb2 O-O 15. Bh6 Rfc8 16. Bg5 Qa6 17. Rf2 Rf8 18. Bh6 Rf7 19. Raf1 Rb8 20. h3 Qd6 21. g4 Be8 22. Rf3 Nd7 23. Qf2 Rxf3 24. Qxf3 e6 25. dxe6 Qe7 26. exd7 Bxd7 27. Qf6 Qxf6 28. Rxf6 Re8 29. Kf2 Be6 30. Ke3 Bf7 31. Rd6 Be6 32. Bg5 Kf7 33. Rd8 Rxd8 34. Bxd8 h5 35. Be2 hxg4 36. hxg4 b5 37. cxb5 Bxa2 38. c4 Ke6 39. Bc7 Bb1 40. Bb8 1-0

[Event "Montreal Mercredi 05"]
[Site "Montreal CAN"]
[Date "2008.05.14"]
[Round "1"]
[White "Lemieux, Serge"]
[Black "Messier, Samuel"]
[Result "0-1"]
[WhiteElo "1625"]
[BlackElo "1596"]
[PlyCount "62"]
[GameId "2160767910354819"]
[EventDate "2008.05.14"]
[EventType "tourn"]
[EventRounds "5"]
[EventCountry "CAN"]
[SourceTitle "EXT 2011"]
[Source "ChessBase"]
[SourceDate "2011.11.26"]
[SourceVersion "1"]
[SourceVersionDate "2011.11.26"]
[SourceQuality "1"]

1. d4 Nf6 2. c4 e6 3. Nc3 d5 4. cxd5 exd5 5. Nf3 Nc6 6. Bg5 Be7 7. e3 O-O 8. a3 Bf5 9. Rc1 a6 10. Bd3 Bxd3 11. Qxd3 h6 12. h4 Nh7 13. Bxe7 Nxe7 14. g4 Qd6 15. Ne5 Nc6 16. Nxc6 Qxc6 17. Ne2 Qd6 18. Kd2 b6 19. Rcg1 c5 20. g5 h5 21. f3 c4 22. Qf5 g6 23. Qe5 Qc6 24. Nc3 Rad8 25. Qg3 b5 26. Na2 a5 27. Ra1 Rb8 28. Rhb1 Rfe8 29. f4 Qe6 30. b4 Qe4 31. Nc1 c3+ 0-1

[Event "Montreal Mercredi 05"]
[Site "Montreal CAN"]
[Date "2008.05.14"]
[Round "1"]
[White "Levkovsky, Alexandre"]
[Black "Plante, Michel"]
[Result "1-0"]
[WhiteElo "2156"]
[BlackElo "2058"]
[PlyCount "59"]
[GameId "2160767910354820"]
[EventDate "2008.05.14"]
[EventType "tourn"]
[EventRounds "5"]
[EventCountry "CAN"]
[SourceTitle "EXT 2011"]
[Source "ChessBase"]
[SourceDate "2011.11.26"]
[SourceVersion "1"]
[SourceVersionDate "2011.11.26"]
[SourceQuality "1"]

1. e4 d6 2. d4 Nf6 3. Nc3 g6 4. Bg5 c6 5. Qd2 b5 6. e5 b4 7. exf6 bxc3 8. Qxc3 exf6 9. d5 Bg7 10. O-O-O O-O 11. Be3 c5 12. h4 f5 13. Qd2 Qb6 14. c3 Re8 15. h5 Na6 16. Nf3 Rb8 17. hxg6 fxg6 18. Bh6 Bh8 19. Bc4 Bd7 20. Rde1 Nc7 21. Ng5 Nb5 22. Rxe8+ Bxe8 23. Bxb5 Qxb5 24. Re1 Qd7 25. Re6 Bf7 26. Nxf7 Kxf7 27. Bf4 Qa4 28. Bxd6 Qxa2 29. Bxb8 Qa1+ 30. Kc2 1-0